00450nam a2200181 a 4500001001300000003000900013005001700022008004100039020001000080082001500090100001800105245003200123260003500155300000900190500003500199650001600234700001800250nice12345678IN_TiNIC20260116012914.0080219s2000 newa grp 000 0 eng  ac10000a323.6bWOM aWomer, Parley aCitizenship and the New Day aNew YorkbAbingdon Pressc2000 a319p aincludes index and biblioraphy aCitizenship1 aWomer, Parley